De la enseñanza superior en España / (Record no. 166780)

MARC details
000 -LEADER
campo de control de longitud fija 01006nam a22002175i 4500
001 - NÚMERO DE CONTROL
campo de control 166780
003 - IDENTIFICADOR DE NÚMERO DE CONTROL
campo de control ES-MaACL
005 - FECHA Y HORA DE LA ÚLTIMA TRANSACCIÓN
campo de control 20230906213412.0
008 - DATOS DE LONGITUD FIJA--INFORMACIÓN GENERAL
campo de control de longitud fija 981002s1899 sp |||| | spa d
100 1# - ENTRADA PRINCIPAL--NOMBRE DE PERSONA
Nombre de persona Unamuno, Miguel de,
Fechas asociadas al nombre 1864-1936
9 (RLIN) 111982
245 10 - MENCIÓN DEL TÍTULO
Título De la enseñanza superior en España /
Mención de responsabilidad, etc. Miguel de Unamuno.
260 ## - PUBLICACIÓN, DISTRIBUCIÓN, ETC.
Lugar de publicación, distribución, etc. Madrid :
Nombre del editor, distribuidor, etc. Revista Nueva,
Fecha de publicación, distribución, etc. 1899 (
Fabricante Imp. de Antonio Marzo)
300 ## - DESCRIPCIÓN FÍSICA
Extensión VIII, 9-112 p. ;
Dimensiones 19 cm.
505 8# - NOTA DE CONTENIDO CON FORMATO
Nota de contenido con formato Contiene: La enseñanza del latín en España, p. [80]-112
650 #4 - PUNTO DE ACCESO ADICIONAL DE MATERIA--TÉRMINO DE MATERIA
Término de materia o nombre geográfico como elemento de entrada Enseñanza superior-
Subdivisión geográfica España-
Subdivisión cronológica S.XIX.
9 (RLIN) 144821
650 #4 - PUNTO DE ACCESO ADICIONAL DE MATERIA--TÉRMINO DE MATERIA
Término de materia o nombre geográfico como elemento de entrada Lengua latina-
Subdivisión general Enseñanza-
Subdivisión geográfica España.
9 (RLIN) 172388
852 4# - LOCALIZACIÓN
Ubicación ES-MaACL
Número de control de estantería T-1140-F-1
Nota libre - Ejempl. deteriorado; p. sueltas
-- - Enc. hol., conservando la enc. original
-- - Enc. en un vol. facticio
856 4# - LOCALIZACIÓN Y ACCESO ELECTRÓNICOS
Identificador Uniforme de Recursos <a href="http://bdh-rd.bne.es/viewer.vm?id=0000250878&page=1 ">http://bdh-rd.bne.es/viewer.vm?id=0000250878&page=1 </a>
Nota pública Biblioteca Digital Hispánica
856 4# - LOCALIZACIÓN Y ACCESO ELECTRÓNICOS
Identificador Uniforme de Recursos <a href="http://www.liburuklik.euskadi.eus/handle/10771/24524 ">http://www.liburuklik.euskadi.eus/handle/10771/24524 </a>
Nota pública Biblioteca Digital Vasca
Holdings
Estatus retirado Estado de pérdida Estado de daño No para préstamo Colección Biblioteca de origen Biblioteca actual Ubicación en estantería Fecha de adquisición Total de préstamos Signatura topográfica completa Código de barras Visto por última vez Precio de reemplazo Tipo de ítem Koha
        Colección de folletos Biblioteca del Ateneo de Madrid Biblioteca del Ateneo de Madrid Depósito folletos 17/01/2008   T-1140-F-1 1174917 23/02/2023 23/02/2023 Folleto